[Event "Online Olym Disabilities"]
[Site "Tornelo INT"]
[Date "2020.11.26"]
[Round "6.2"]
[White "Braun, Georg"]
[Black "Nestorovic, Vladimir"]
[Result "1-0"]
[WhiteElo "2375"]
[BlackElo "2203"]
[PlyCount "215"]
[EventDate "2020.11.21"]
[EventType "team-swiss (rapid)"]
[EventRounds "7"]
[EventCountry "NET"]
[SourceTitle "CBM 199 Extra"]
[Source "ChessBase"]
[SourceDate "2021.01.31"]
[SourceVersion "1"]
[SourceVersionDate "2021.01.31"]
[SourceQuality "1"]
[WhiteTeam "Germany"]
[BlackTeam "Croatia"]
[WhiteTeamCountry "GER"]
[BlackTeamCountry "CRO"]

1. d4 d5 2. c4 c6 3. cxd5 cxd5 4. Nc3 Nf6 5. Bf4 Nc6 6. e3 g6 7. h3 Bg7 8. Bd3 0-0 9. Nf3 a6 10. Rc1 Bd7 11. 0-0 e6 12. Bh2 Rc8 13. Ne5 Nxe5 14. Bxe5 Bc6 15. Qb3 Ne8 16. Bg3 Nd6 17. Qb4 Nf5 18. Bxf5 exf5 19. Rc2 Re8 20. Rfc1 Qd7 21. Qd6 Qxd6 22. Bxd6 Rcd8 23. Bc7 Rd7 24. Bg3 g5 25. Ne2 h6 26. Rd1 Bf6 27. Bh2 Kg7 28. b3 Kg6 29. Kh1 Rde7 30. Rdd2 Re6 31. Nc1 f4 32. exf4 Re1+ 33. Bg1 gxf4 34. Nd3 Ra1 35. Nxf4+ Kf5 36. Ne2 Bb5 37. g4+ Kg6 38. Nf4+ Kh7 39. Kg2 Bg5 40. Bh2 Re4 41. Kf3 Rh1 42. Bg3 Bf1 43. Nxd5 Re6 44. h4 Bxd2 45. Rxd2 Bb5 46. Ne3 Rc1 47. d5 Re8 48. Rd4 Rd8 49. Rb4 Rd7 50. a4 Bd3 51. Kf4 Rc5 52. Ke5 Be2 53. Rb6 Bf3 54. Kd4 Rc1 55. Bf4 Bxd5 56. Rxh6+ Kg8 57. Nxd5 Rd1+ 58. Ke4 R1xd5 59. Be5 f6 60. Rxf6 Rd1 61. f4 Re1+ 62. Kf5 Rf7 63. Rxf7 Kxf7 64. b4 b5 65. axb5 axb5 66. Bd6 Rd1 67. Bc5 Rd5+ 68. Ke4 Rd1 69. h5 Rh1 70. Kf5 Rh2 71. Kg5 Rd2 72. f5 Re2 73. Kf4 Rh2 74. Bd6 Rh1 75. Kf3 Kf6 76. Bc5 Kf7 77. Kg2 Rh4 78. Kg3 Rh1 79. Bd4 Rd1 80. Be5 Re1 81. Kf4 Rh1 82. Kg5 Re1 83. Bd6 Rd1 84. Bc5 Rh1 85. h6 Rh3 86. Bd4 Rh1 87. Bg7 Rf1 88. Kh5 Rh1+ 89. Kg5 Rf1 90. Kh4 Rh1+ 91. Kg3 Rg1+ 92. Kf3 Rf1+ 93. Kg2 Rf4 94. Kg3 Rf1 95. Bd4 Kg8 96. Kh4 Kh7 97. Be3 Rf3 98. Bg5 Rf1 99. Kh5 Rh1+ 100. Bh4 Rf1 101. f6 Rf3 102. g5 Rf5 103. Bg3 Rd5 104. Bc7 Rf5 105. Bd6 Rd5 106. Be7 Rf5 107. Bc5 Re5 108. f7 1-0

[Event "Online Olym Disabilities"]
[Site "Tornelo INT"]
[Date "2020.11.21"]
[Round "1.11"]
[White "Nestorovic, Vladimir"]
[Black "Osorio, Jesus Camilo"]
[Result "1/2-1/2"]
[WhiteElo "2203"]
[BlackElo "1859"]
[PlyCount "87"]
[EventDate "2020.11.21"]
[EventType "team-swiss (rapid)"]
[EventRounds "7"]
[EventCountry "NET"]
[SourceTitle "CBM 199 Extra"]
[Source "ChessBase"]
[SourceDate "2021.01.31"]
[SourceVersion "1"]
[SourceVersionDate "2021.01.31"]
[SourceQuality "1"]
[WhiteTeam "Croatia"]
[BlackTeam "Panama"]
[WhiteTeamCountry "CRO"]
[BlackTeamCountry "PAN"]

1. Nf3 d5 2. d4 Nf6 3. g3 c6 4. Bg2 Bf5 5. 0-0 e6 6. b3 Bd6 7. Bb2 Nbd7 8. h3 0-0 9. Ne5 Qc7 10. f4 Be4 11. Nd2 Bxg2 12. Kxg2 Be7 13. c4 Nxe5 14. dxe5 Nd7 15. Qc2 f5 16. Rac1 Nc5 17. cxd5 exd5 18. e3 Ne4 19. Nxe4 dxe4 20. Rfd1 Rad8 21. a3 Rxd1 22. Rxd1 Rd8 23. b4 Rxd1 24. Qxd1 Qd8 25. Qxd8+ Bxd8 26. Kf2 Kf7 27. Ke2 Ke6 28. Kd2 Kd5 29. Bd4 b6 30. Bb2 Kc4 31. Kc2 Be7 32. Bc1 g6 33. Bb2 c5 34. Bc3 Kd5 35. Kb3 a6 36. Bd2 c4+ 37. Kc2 b5 38. Bc1 Bd8 39. Kc3 h5 40. h4 Bb6 41. Bd2 Bd8 42. Bc1 Bb6 43. Bd2 Bd8 44. Bc1 1/2-1/2

[Event "Osijek-Baranja CupT 10th"]
[Site "Nasice"]
[Date "2017.02.19"]
[Round "5.2"]
[White "Nestorovic, Vladimir"]
[Black "Mican, Mato"]
[Result "1/2-1/2"]
[WhiteElo "2191"]
[BlackElo "1931"]
[PlyCount "101"]
[EventDate "2017.02.17"]
[EventType "team-swiss"]
[EventRounds "5"]
[EventCountry "CRO"]
[SourceTitle "EXT 2019"]
[Source "ChessBase"]
[SourceDate "2018.10.10"]
[SourceVersion "1"]
[SourceVersionDate "2018.10.10"]
[SourceQuality "1"]

1. Nf3 Nf6 2. c4 e6 3. Nc3 d5 4. d4 Nbd7 5. Bg5 h6 6. Bh4 Be7 7. e3 0-0 8. Qc2 b6 9. Rd1 Bb7 10. Be2 Rc8 11. 0-0 dxc4 12. Bxc4 Bxf3 13. gxf3 Nh7 14. Bg3 Bd6 15. f4 Qe7 16. Nb5 c6 17. Nxd6 Qxd6 18. f5 Qe7 19. fxe6 fxe6 20. Ba6 Rcd8 21. Qxc6 Nb8 22. Qa4 Nxa6 23. Qxa6 Ng5 24. f4 Ne4 25. Qe2 Qd7 26. Rc1 Rc8 27. Qg2 Qd5 28. Bh4 Rc6 29. Rxc6 Qxc6 30. Kh1 Rc8 31. f5 exf5 32. Rxf5 Qc1+ 33. Rf1 Qxe3 34. Qg4 Rc1 35. Rd1 Rxd1+ 36. Qxd1 g5 37. Be1 Qf4 38. Qe2 g4 39. Kg2 h5 40. d5 Qf5 41. Qd3 Nd6 42. Qxf5 Nxf5 43. Bd2 Kf7 44. Bf4 Ke7 45. a4 a6 46. Kf2 Kd7 47. Be5 h4 48. Bf4 h3 49. Be5 b5 50. b3 Ke7 51. Bf4 1/2-1/2

[Event "CRO-chT2 Ost"]
[Site "Croatia"]
[Date "2015.10.25"]
[Round "10.51"]
[White "Nestorovic, Vladimir"]
[Black "Rosic, Slavko"]
[Result "0-1"]
[WhiteElo "2218"]
[BlackElo "2279"]
[PlyCount "62"]
[EventDate "2015.04.25"]
[EventType "team-tourn"]
[EventRounds "11"]
[EventCountry "CRO"]
[SourceTitle "EXT 2016"]
[Source "ChessBase"]
[SourceDate "2015.10.08"]
[SourceVersion "1"]
[SourceVersionDate "2015.10.08"]
[SourceQuality "1"]

1. Nf3 d5 2. d4 Nf6 3. c4 c6 4. Nc3 e6 5. e3 Nbd7 6. Ne5 Nxe5 7. dxe5 Nd7 8. cxd5 exd5 9. f4 Nc5 10. b4 Ne6 11. Rb1 a5 12. a3 axb4 13. axb4 g6 14. Bd3 Qh4+ 15. g3 Qd8 16. h4 Ng7 17. e4 dxe4 18. Nxe4 Be7 19. Be3 Ra3 20. Rb3 Bg4 21. Qb1 Rxb3 22. Qxb3 Nf5 23. Bc5 Bf3 24. Bxe7 Kxe7 25. Nd6 Nxd6 26. exd6+ Qxd6 27. 0-0 Qd4+ 28. Kh2 Bd5 29. Qc2 Ra8 30. Re1+ Kf6 31. Re2 Ra1 0-1

[Event "CRO-chT2 Ost"]
[Site "Croatia"]
[Date "2015.10.18"]
[Round "9.21"]
[White "Firi, Kazimir"]
[Black "Nestorovic, Vladimir"]
[Result "0-1"]
[WhiteElo "2071"]
[BlackElo "2218"]
[PlyCount "114"]
[EventDate "2015.04.25"]
[EventType "team-tourn"]
[EventRounds "11"]
[EventCountry "CRO"]
[SourceTitle "EXT 2016"]
[Source "ChessBase"]
[SourceDate "2015.10.08"]
[SourceVersion "1"]
[SourceVersionDate "2015.10.08"]
[SourceQuality "1"]

1. d4 f5 2. c4 e6 3. Nf3 Nf6 4. Bg5 Be7 5. Nc3 0-0 6. g3 h6 7. Bf4 b6 8. Bg2 Bb7 9. 0-0 d6 10. Qc2 Nbd7 11. Rad1 Qe8 12. Nb5 Bd8 13. Bc1 a6 14. Nc3 Qh5 15. Rfe1 Ne4 16. Nd2 d5 17. cxd5 exd5 18. Nf3 Rc8 19. Qb3 c6 20. e3 Bc7 21. Nd2 Kh7 22. Nf1 Ndf6 23. f3 Ng5 24. Nd2 Nh3+ 25. Kf1 Ng4 26. Ke2 Nxh2 27. Rh1 Bxg3 28. Nf1 Qh4 29. Nxh2 Bxh2 30. Rdf1 Ng5 31. Rf2 Rce8 32. Bf1 Qxd4 33. Rhxh2 a5 34. Bd2 Re7 35. Nd1 Rfe8 36. Qc3 Qa4 37. Rfg2 Ne6 38. b3 Qxa2 39. Kf2 c5 40. Kg1 Qb1 41. Bc1 d4 42. exd4 Nxd4 43. Bd3 Nxf3+ 44. Kf2 Qa2+ 45. Bb2 Nd4 46. Rg4 Re2+ 47. Kg3 Rxh2 48. Kxh2 Be4 49. Bxe4 fxe4 50. Rg2 Qb1 51. Ne3 Re5 52. Qc4 Rh5+ 53. Kg3 Qe1+ 54. Kf4 Qh4+ 55. Ng4 Qg5+ 56. Kxe4 Qf5+ 57. Ke3 Qf3+ 0-1

[Event "CRO-chT2 Ost"]
[Site "Croatia"]
[Date "2015.04.25"]
[Round "2.41"]
[White "Zulj, Leon"]
[Black "Nestorovic, Vladimir"]
[Result "1-0"]
[WhiteElo "2269"]
[BlackElo "2238"]
[PlyCount "103"]
[EventDate "2015.04.25"]
[EventType "team-tourn"]
[EventRounds "11"]
[EventCountry "CRO"]
[SourceTitle "EXT 2016"]
[Source "ChessBase"]
[SourceDate "2015.10.08"]
[SourceVersion "1"]
[SourceVersionDate "2015.10.08"]
[SourceQuality "1"]

1. e4 c6 2. d4 d6 3. Nc3 e5 4. Nf3 Qc7 5. a4 Bg4 6. Be2 Nf6 7. 0-0 Nbd7 8. a5 Be7 9. Re1 0-0 10. h3 Bh5 11. g4 Bg6 12. Bf1 Rfe8 13. g5 Nh5 14. a6 b5 15. d5 b4 16. dxc6 Nc5 17. Nd5 Qxc6 18. Nxb4 Qc8 19. Qd5 Bf8 20. Nh4 Ne6 21. Nxg6 hxg6 22. Qb7 Nd4 23. Re3 Qd8 24. Rc3 Rb8 25. Nc6 Rxb7 26. Nxd8 Rb6 27. Nb7 Nf4 28. Rc7 Nf3+ 29. Kh1 Nxg5 30. Be3 Rxb2 31. Bxa7 Ra8 32. Be3 Nfe6 33. Rc4 Nf3 34. Kg2 Nfd4 35. Bd3 g5 36. c3 Ne2 37. Bxe2 Rxe2 38. a7 Rb2 39. Rb4 Rxb4 40. cxb4 Nc7 41. Bb6 Ne6 42. b5 d5 43. exd5 Nf4+ 44. Kf3 Nxd5 45. Be3 f5 46. b6 e4+ 47. Kg2 f4 48. Bd4 Bb4 49. Na5 f3+ 50. Kf1 Nxb6 51. Bxb6 Bc3 52. Ra2 1-0

[Event "Osijek Baranja CupT 6th"]
[Site "Osijek"]
[Date "2013.03.09"]
[Round "3.2"]
[White "Nestorovic, Vladimir"]
[Black "Dvornic, Mladen"]
[Result "1/2-1/2"]
[WhiteElo "2222"]
[BlackElo "2286"]
[PlyCount "125"]
[EventDate "2013.03.08"]
[EventType "team-tourn"]
[EventRounds "5"]
[EventCountry "CRO"]
[SourceTitle "EXT 2014"]
[Source "ChessBase"]
[SourceDate "2013.11.20"]
[SourceVersion "1"]
[SourceVersionDate "2013.11.20"]
[SourceQuality "1"]

1. Nf3 d5 2. d4 Nf6 3. e3 e6 4. b3 Bb4+ 5. c3 Bd6 6. Bb2 0-0 7. Nbd2 Nbd7 8. c4 b6 9. Bd3 Bb7 10. Qc2 c5 11. 0-0 Qc7 12. Rac1 Rac8 13. h3 Qb8 14. Qb1 e5 15. cxd5 exd4 16. exd4 Bxd5 17. dxc5 Bxc5 18. Bf5 Rcd8 19. Ng5 Qf4 20. Nde4 Nxe4 21. Nxe4 g6 22. Nxc5 Nxc5 23. Bc2 Ne4 24. Bxe4 Bxe4 25. Rc4 Bxb1 26. Rxf4 Bxa2 27. Ra1 Bxb3 28. Rxa7 b5 29. Rf6 Be6 30. Rxe6 Rd1+ 31. Kh2 Rd2 32. Ba1 Rxf2 33. Rea6 b4 34. Rb7 Re8 35. Rxb4 h5 36. Rab6 Kh7 37. Rb8 Rxb8 38. Rxb8 g5 39. Rb6 Rf1 40. Bf6 Kg6 41. Be5+ f6 42. Bd4 h4 43. Rb2 Rd1 44. Bf2 Rf1 45. Re2 Kh5 46. Be1 f5 47. Re6 f4 48. Bc3 f3 49. Bg7 g4 50. gxf3 Rf2+ 51. Kg1 Rxf3 52. hxg4+ Kxg4 53. Bd4 Rf4 54. Bf2 Ra4 55. Kg2 h3+ 56. Kh2 Ra2 57. Rf6 Rb2 58. Rf8 Ra2 59. Kh1 Ra1+ 60. Bg1 Kg3 61. Rg8+ Kh4 62. Rc8 Kg3 63. Rf8 1/2-1/2

[Event "CRO-Cup 20th"]
[Site "Sibenik"]
[Date "2011.05.20"]
[Round "4.92"]
[White "Nestorovic, Vladimir"]
[Black "Filipovic, Branko"]
[Result "0-1"]
[WhiteElo "2239"]
[BlackElo "2409"]
[PlyCount "98"]
[EventDate "2011.05.18"]
[EventType "team-swiss"]
[EventRounds "6"]
[EventCountry "CRO"]
[SourceTitle "CBM 142 Extra"]
[Source "ChessBase"]
[SourceDate "2011.06.27"]
[SourceVersion "1"]
[SourceVersionDate "2011.06.27"]
[SourceQuality "1"]
[WhiteTeam "Beli Manastir"]
[BlackTeam "Sibenik"]
[WhiteTeamCountry "CRO"]
[BlackTeamCountry "CRO"]

1. Nf3 b6 2. d4 e6 3. e3 Bb7 4. Bd3 Nf6 5. Nbd2 c5 6. b3 Nc6 7. a3 cxd4 8. exd4 Be7 9. 0-0 0-0 10. Re1 Qc7 11. Bb2 Rad8 12. c4 d5 13. Qc2 dxc4 14. bxc4 g6 15. Rac1 Nh5 16. Ne4 Na5 17. Qc3 Bxe4 18. Rxe4 Bf6 19. Bf1 Qb7 20. Qe3 Bg7 21. Rh4 Rfe8 22. Bc3 Nc6 23. g4 Nf6 24. Bg2 Qe7 25. g5 Nd7 26. Ba1 Qf8 27. Re4 Ne7 28. Re1 Nf5 29. Qe2 Qxa3 30. Bb2 Qb4 31. Bc1 Nd6 32. Bf1 Nxe4 33. Qxe4 e5 34. Bd2 Qf8 35. d5 Nc5 36. Qe3 e4 37. Nh4 Be5 38. Ng2 Qd6 39. Qh3 Qd7 40. Qh4 Nb3 41. Be3 Nd4 42. Bxd4 Bxd4 43. Rxe4 Rxe4 44. Qxe4 Bc5 45. h4 Re8 46. Qf4 Qf5 47. Qg3 a5 48. Bd3 Qe5 49. Qg4 a4 0-1

[Event "CRO-Cup 20th"]
[Site "Sibenik"]
[Date "2011.05.18"]
[Round "1.72"]
[White "Jukic, Branimir"]
[Black "Nestorovic, Vladimir"]
[Result "1-0"]
[WhiteElo "2379"]
[BlackElo "2239"]
[PlyCount "107"]
[EventDate "2011.05.18"]
[EventType "team-swiss"]
[EventRounds "6"]
[EventCountry "CRO"]
[SourceTitle "CBM 142 Extra"]
[Source "ChessBase"]
[SourceDate "2011.06.27"]
[SourceVersion "1"]
[SourceVersionDate "2011.06.27"]
[SourceQuality "1"]
[WhiteTeam "Osijek"]
[BlackTeam "Beli Manastir"]
[WhiteTeamCountry "CRO"]
[BlackTeamCountry "CRO"]

1. e4 c6 2. d4 d6 3. Nc3 Qc7 4. a4 Nf6 5. Nf3 e5 6. h3 Be7 7. Be3 0-0 8. Bc4 Nbd7 9. Ba2 h6 10. 0-0 Re8 11. Nh4 Nf8 12. dxe5 dxe5 13. Qf3 Be6 14. Nf5 Bxa2 15. Rxa2 Ng6 16. g3 Nd7 17. h4 Bf8 18. Rd1 Re6 19. Raa1 Nb6 20. b3 Rd8 21. Rxd8 Qxd8 22. Rd1 Qc7 23. Qg4 Nd7 24. h5 Nf6 25. Qe2 Ne7 26. Nh4 Nc8 27. Kg2 Rd6 28. Rf1 Rd8 29. Qf3 Nh7 30. Nf5 Ne7 31. Ne2 Nxf5 32. Qxf5 Be7 33. Nc1 Bg5 34. f4 Bf6 35. Nd3 exf4 36. gxf4 Bd4 37. Bxd4 Rxd4 38. Kf3 Qd7 39. Qxd7 Rxd7 40. e5 Nf8 41. f5 Rd4 42. Ke3 Rg4 43. Nf4 Nd7 44. Ke4 Kf8 45. b4 Ke8 46. a5 Ke7 47. Rd1 Ke8 48. a6 bxa6 49. Rd6 Rg1 50. Rxc6 Re1+ 51. Kd5 Nxe5 52. Rxa6 Nd7 53. Rxa7 Ke7 54. Kc6 1-0

[Event "CRO-chT2 East"]
[Site "Croatia"]
[Date "2011.04.02"]
[Round "2"]
[White "Nestorovic, Vladimir"]
[Black "Mrkonjic, Nenad"]
[Result "1/2-1/2"]
[WhiteElo "2256"]
[BlackElo "2363"]
[PlyCount "133"]
[EventDate "2011.04.02"]
[EventType "tourn"]
[EventRounds "11"]
[EventCountry "CRO"]
[SourceTitle "EXT 2014"]
[Source "ChessBase"]
[SourceDate "2013.11.20"]
[SourceVersion "1"]
[SourceVersionDate "2013.11.20"]
[SourceQuality "1"]

1. Nf3 d5 2. d4 c6 3. e3 Bf5 4. Bd3 Bxd3 5. Qxd3 Nd7 6. 0-0 e6 7. b3 Ngf6 8. Nbd2 Be7 9. Bb2 0-0 10. Rfe1 Qa5 11. a3 Rfc8 12. h3 Qd8 13. c4 a5 14. Red1 h6 15. Qe2 Qb6 16. Rab1 Qa6 17. Rbc1 Qb6 18. Rb1 Qd8 19. Ne1 Qf8 20. Ra1 b6 21. Nd3 a4 22. b4 c5 23. bxc5 bxc5 24. Nxc5 Nxc5 25. dxc5 Rxc5 26. cxd5 Nxd5 27. Ne4 Rcc8 28. Rd3 Rc4 29. Nc3 Nxc3 30. Bxc3 Rac8 31. Qb2 Rb8 32. Qd2 Rd8 33. Rb1 Rdc8 34. Bb4 Bxb4 35. axb4 Rc2 36. Qd1 Qe7 37. Ra3 Qf6 38. Qf3 Qe5 39. Qf4 Qb5 40. Qd6 Qe2 41. Qf4 Qb5 42. Qd6 Qf5 43. Qf4 Rxf2 44. Qxf5 Rxf5 45. Rxa4 Rc2 46. Rf1 Rb2 47. Ra8+ Kh7 48. Rxf5 exf5 49. Rb8 Re2 50. Re8 Rb2 51. Rb8 Re2 52. Re8 f4 53. Kf1 Rb2 54. exf4 Rxb4 55. g3 h5 56. h4 Rb2 57. Re5 Kg6 58. Rg5+ Kh6 59. Rc5 f6 60. Rd5 Kg6 61. Rc5 Ra2 62. Rb5 Kh6 63. Rc5 Rh2 64. Kg1 Rd2 65. Rb5 Kg6 66. Rc5 Kh6 67. Rb5 1/2-1/2

[Event "CRO-chT2 East"]
[Site "Osijek"]
[Date "2010.10.16"]
[Round "7.61"]
[White "Goric, Esad"]
[Black "Nestorovic, Vladimir"]
[Result "1/2-1/2"]
[WhiteElo "2368"]
[BlackElo "2248"]
[PlyCount "108"]
[EventDate "2010.04.17"]
[EventType "team-tourn"]
[EventRounds "11"]
[EventCountry "CRO"]
[SourceTitle "EXT 2012"]
[Source "ChessBase"]
[SourceDate "2011.11.24"]
[SourceVersion "1"]
[SourceVersionDate "2011.11.24"]
[SourceQuality "1"]

1. c4 e5 2. g3 Nc6 3. Bg2 d6 4. Nc3 Be6 5. d3 Qd7 6. Nf3 Bh3 7. Bxh3 Qxh3 8. Nd5 Rc8 9. Qb3 Nd8 10. Bd2 c6 11. Ne3 Be7 12. c5 dxc5 13. Nxe5 Qe6 14. Qxe6 Nxe6 15. Nf5 f6 16. Nc4 Rd8 17. Na5 Rd7 18. Rc1 g6 19. Nxe7 Nxe7 20. b4 b6 21. Nc4 cxb4 22. Bxb4 c5 23. Bc3 Kf7 24. a4 Rb8 25. Rb1 Nd5 26. Bd2 Nd4 27. Rb2 Re8 28. Ne3 f5 29. Kf1 Re6 30. Nxd5 Rxd5 31. Bc3 Rd7 32. f4 Rc6 33. Kf2 Ne6 34. Rc1 Nc7 35. Be5 Re6 36. h3 Na6 37. g4 fxg4 38. hxg4 g5 39. a5 gxf4 40. Bxf4 Rd4 41. Kg3 Nb4 42. axb6 axb6 43. Rf1 Kg6 44. Rh1 Kg7 45. Ra1 Nd5 46. Ra7+ Kg6 47. Bc1 Nc3 48. Kf3 Rd8 49. Rb7 Rf8+ 50. Kg2 b5 51. Rc7 Nxe2 52. Rxc5 Nf4+ 53. Bxf4 Rxf4 54. Kg3 Rd4 1/2-1/2

[Event "CRO-chT3 East-B"]
[Site "Croatia"]
[Date "2005.04.03"]
[Round "3.4"]
[White "Masirevic, Miroljub"]
[Black "Nestorovic, Vladimir"]
[Result "1/2-1/2"]
[WhiteElo "2059"]
[BlackElo "2208"]
[PlyCount "103"]
[EventDate "2005.03.13"]
[EventType "team-tourn"]
[EventRounds "11"]
[EventCountry "CRO"]
[SourceTitle "EXT 2007"]
[Source "ChessBase"]
[SourceDate "2006.11.23"]
[SourceVersion "1"]
[SourceVersionDate "2006.11.23"]
[SourceQuality "1"]
[WhiteTeam "Trpinja Triglav"]
[BlackTeam "Ernestinovo"]
[WhiteTeamCountry "CRO"]
[BlackTeamCountry "CRO"]

1. e4 c6 2. d4 d5 3. exd5 cxd5 4. Nc3 Nf6 5. Nf3 Nc6 6. Bb5 e6 7. Bg5 Be7 8. 0-0 0-0 9. Re1 Qb6 10. Rb1 h6 11. Bxc6 bxc6 12. Bf4 Nd7 13. Ne2 c5 14. c3 Ba6 15. h3 cxd4 16. cxd4 Rfc8 17. Nc3 Re8 18. a3 Rac8 19. Qd2 Bf8 20. Rec1 Nf6 21. Ne5 Ne4 22. Nxe4 dxe4 23. Nd7 Qb5 24. Nxf8 Rxf8 25. b4 Rfd8 26. Rxc8 Rxc8 27. Rc1 Rxc1+ 28. Qxc1 Qd3 29. Qb2 Bc4 30. h4 f6 31. Be3 g5 32. Kh2 Kf7 33. a4 a6 34. a5 Kg6 35. Qd2 Qb3 36. hxg5 hxg5 37. g3 Qb1 38. g4 Qf1 39. Qc1 Qe2 40. Qg1 Bd5 41. Kh3 f5 42. gxf5+ Kf7 43. Qxg5 Qf3+ 44. Qg3 Qh1+ 45. Qh2 Qxh2+ 46. Kxh2 exf5 47. Kg3 Ke6 48. Kf4 Bc6 49. Kg5 Bd7 50. Kf4 Kd5 51. f3 exf3 52. Kxf3 1/2-1/2

[Event "Bled op-B 23rd"]
[Site "Bled"]
[Date "2002.07.10"]
[Round "9"]
[White "Kovacic, Peter"]
[Black "Nestorovic, Vladimir"]
[Result "1-0"]
[WhiteElo "2182"]
[BlackElo "2267"]
[PlyCount "65"]
[EventDate "2002.07.03"]
[EventType "swiss"]
[EventRounds "9"]
[EventCountry "SLO"]
[SourceTitle "CBM 089 Extra"]
[Source "ChessBase"]
[SourceDate "2002.09.10"]
[SourceVersion "2"]
[SourceVersionDate "2002.09.10"]
[SourceQuality "1"]

1. d4 d6 2. g3 c6 3. Bg2 Qc7 4. c4 e5 5. Nc3 Nf6 6. e4 Bg4 7. f3 Bh5 8. Nge2 Be7 9. Be3 0-0 10. h4 Bg6 11. Qd2 a6 12. Rc1 Rd8 13. g4 h5 14. g5 Nfd7 15. d5 Nf8 16. Ng3 c5 17. Nce2 Re8 18. f4 exf4 19. Nxf4 Bd8 20. Nfxh5 Bxh5 21. Nxh5 Ng6 22. Qc3 Qa5 23. Qxa5 Bxa5+ 24. Bd2 Bxd2+ 25. Kxd2 b5 26. Ng3 Nd7 27. Nf5 Nde5 28. Nxd6 Reb8 29. h5 Nf4 30. Bf1 bxc4 31. Nxc4 Nxc4+ 32. Bxc4 Rxb2+ 33. Ke3 1-0

[Event "Bled op 18th"]
[Site "Bled"]
[Date "1997.??.??"]
[Round "5"]
[White "Ankerst, Milka"]
[Black "Nestorovic, Vladimir"]
[Result "0-1"]
[WhiteElo "2175"]
[BlackElo "2315"]
[PlyCount "50"]
[EventDate "1997.03.15"]
[EventType "swiss"]
[EventRounds "9"]
[EventCountry "SLO"]
[SourceTitle "CBM 057 Extra"]
[Source "ChessBase"]
[SourceDate "1997.05.01"]
[SourceVersion "1"]
[SourceVersionDate "1997.05.01"]
[SourceQuality "1"]

1. e4 c6 2. Nc3 d5 3. Nf3 dxe4 4. Nxe4 Nf6 5. Nxf6+ gxf6 6. d4 Bg4 7. Be2 e6 8. h3 Bh5 9. 0-0 Bd6 10. c4 Nd7 11. b3 Qe7 12. Bb2 0-0-0 13. Qc2 Kb8 14. c5 Bc7 15. b4 e5 16. dxe5 fxe5 17. Rfe1 Rhg8 18. Rad1 Qe6 19. Kh1 Rxg2 20. Kxg2 Rg8+ 21. Kh2 e4+ 22. Rd6 exf3 23. Rg1 Bxd6+ 24. cxd6 Rxg1 25. Kxg1 fxe2 0-1

[Event "Bled op 18th"]
[Site "Bled"]
[Date "1997.??.??"]
[Round "8"]
[White "Bukic, Enver"]
[Black "Nestorovic, Vladimir"]
[Result "1-0"]
[WhiteElo "2435"]
[BlackElo "2315"]
[PlyCount "92"]
[EventDate "1997.03.15"]
[EventType "swiss"]
[EventRounds "9"]
[EventCountry "SLO"]
[SourceTitle "CBM 057 Extra"]
[Source "ChessBase"]
[SourceDate "1997.05.01"]
[SourceVersion "1"]
[SourceVersionDate "1997.05.01"]
[SourceQuality "1"]

1. d4 f5 2. Nf3 Nf6 3. g3 b6 4. Bg2 Bb7 5. 0-0 e6 6. Nc3 Bb4 7. Nb1 0-0 8. c4 Be7 9. b3 Qe8 10. Nbd2 a5 11. a3 Na6 12. Bb2 Rb8 13. e3 h6 14. Ne1 Bxg2 15. Kxg2 c6 16. Nd3 Nc7 17. Rc1 g5 18. Qe2 b5 19. e4 bxc4 20. bxc4 fxe4 21. Nxe4 Qg6 22. Nxf6+ Bxf6 23. Bc3 Ne8 24. Nc5 Rf7 25. Rcd1 Nd6 26. Bxa5 Ra8 27. Bb4 Nf5 28. Nb3 g4 29. d5 cxd5 30. cxd5 e5 31. Kg1 d6 32. Qe4 Be7 33. f3 gxf3 34. Rxf3 Raf8 35. Rdf1 Qh5 36. Bd2 Kh8 37. Kg2 Bd8 38. Be3 Bh4 39. a4 Rf6 40. a5 Qf7 41. Bxh6 Nxh6 42. gxh4 Nf5 43. Nd2 Qg7+ 44. Kh1 Rg8 45. R3f2 Rg6 46. Nf3 Qh7 1-0

[Event "Harkany Tenkes Cup"]
[Site "Harkany"]
[Date "1997.??.??"]
[Round "8"]
[White "Kadar, Gabor"]
[Black "Nestorovic, Vladimir"]
[Result "1-0"]
[WhiteElo "2230"]
[BlackElo "2315"]
[PlyCount "55"]
[EventDate "1997.11.??"]
[EventType "swiss"]
[EventRounds "9"]
[EventCountry "HUN"]
[SourceTitle "EXT 2001"]
[Source "ChessBase"]
[SourceDate "2000.11.22"]
[SourceVersion "1"]
[SourceVersionDate "2000.11.22"]
[SourceQuality "1"]

1. e4 c6 2. d4 d5 3. e5 c5 4. c3 Nc6 5. Ne2 Bg4 6. h3 Bxe2 7. Bxe2 cxd4 8. cxd4 Qb6 9. Be3 Qxb2 10. Nd2 Qb6 11. Rb1 Qc7 12. Qb3 Rb8 13. e6 fxe6 14. 0-0 Nf6 15. Rfc1 Nd7 16. Bg4 Kf7 17. Re1 Nd8 18. Nf3 h6 19. Qd3 g6 20. Nh4 Rg8 21. Rbc1 Qb6 22. Bf4 h5 23. Bxb8 Nxb8 24. Nxg6 Rxg6 25. Bxh5 e5 26. Rc8 e4 27. Qg3 Bg7 28. Rxb8 1-0

[Event "Harkany Tenkes Cup"]
[Site "Harkany"]
[Date "1997.??.??"]
[Round "1"]
[White "Nestorovic, Vladimir"]
[Black "Juhasz, Laszlo"]
[Result "0-1"]
[WhiteElo "2315"]
[BlackElo "2195"]
[PlyCount "86"]
[EventDate "1997.11.??"]
[EventType "swiss"]
[EventRounds "9"]
[EventCountry "HUN"]
[SourceTitle "EXT 2001"]
[Source "ChessBase"]
[SourceDate "2000.11.22"]
[SourceVersion "1"]
[SourceVersionDate "2000.11.22"]
[SourceQuality "1"]

1. c4 Nf6 2. d4 g6 3. Nc3 d5 4. Bg5 Bg7 5. Bxf6 Bxf6 6. Nxd5 Bg7 7. e3 b5 8. Qb3 bxc4 9. Qxc4 c6 10. Nc3 Ba6 11. Qa4 Bxf1 12. Kxf1 0-0 13. Rc1 e5 14. dxe5 Bxe5 15. Nge2 Qb6 16. Qc2 Rc8 17. g3 Na6 18. Kg2 Rab8 19. b3 Nb4 20. Qe4 Qa5 21. Na4 Bg7 22. Qb1 Qd5+ 23. e4 Qd2 24. Nec3 Qg5 25. Rhd1 Rd8 26. Ne2 Rd2 27. h4 Qd8 28. Nec3 Bxc3 29. Nxc3 Qd4 30. Rxd2 Qxd2 31. a3 Nd3 32. Rd1 Qxf2+ 33. Kh3 Nb2 34. Rg1 Rxb3 35. Rg2 Qb6 36. Qc2 Nc4 37. Nd1 Nxa3 38. Qd2 c5 39. Kh2 c4 40. Qd7 Qb8 41. Qd4 Rd3 42. Qc5 Rxd1 43. Qxa3 Qb1 0-1